Quizzes
Events
Quiz Creation
Community
Videos
Private Events
Remove Ads
Sign In
Join for FREE
Feedback
Dark Mode
Quiz Categories
Sports
Geography
Music
Movies
Television
Just For Fun
Miscellaneous
History
Literature
Language
Science
Gaming
Entertainment
Religion
Holiday
For Kids
Quiz Lab
Recent
Popular Today
Quiz Kudos Today
Editor Picks
Curator Picks
Quizzes by...
Day
Popularity
Type
Ratings
Length
Year
Community
Subscriptions
Recent Discussions
Orange Saloon
Badges
Playlists
Quests
Create
Leaderboards
Showdown
Live 5
Trivia Bingo
Activity
Puzzle Library
Sporcle Events
Private Events
Virtual Trivia
Globe League
Become a Host
Pub Owners
SporcleCon
Opinionation
Our Games
Videos
Blog
Mobile Apps
Partnerships
Remove Ads and Go Orange
Feedback
Music
Pop Music
The Beatles
Song
Album
Lyrics
Bands
Singers
Artist
Clip
Rock
Rap
Classical
Billboard
Country Music
Kpop
Taylor Swift
Music
Pop Music
The Beatles
Song
Album
Lyrics
Bands
Singers
Artist
Clip
Rock
Rap
Classical
Billboard
Country Music
Kpop
Taylor Swift
Random Quiz
Search Sporcle
×
Curator Pick
Curator Pick
Music
Song
Type in answers that appear in a list
Type in answers that appear in a list
Classic
Best Score? Go Orange.
100 Rap/Hip Hop Artists Stats
Can you name the Rap/Hip Hop Artists?
By
Doubledome
15m
100 Questions
42.5K Plays
42,481 Plays
42,481 Plays
Comments
Comments
Give Quiz Kudos
Give Quiz Kudos
-
- Ratings
hide this ad
Replay
Link that replays current quiz
Next Quiz
Link to next quiz in quiz playlist
You Got
0%
They Got
Avg Score
39%
Avg Friend Score
Upgrade to see
Score Distribution
Jump to the score distribution portion of the page
Score
0/100
Timer
15:00
3
Plays Today
Songs
Artists
% Correct
99 Problems, Hard Knock Life, Empire State of Mind
Jay Z
97.3%
My Name Is, Lose Yourself, We Made You
Eminem
94.6%
Lollipop, A Milli, Go D.J.
Lil Wayne
94.2%
Jesus Walks, Gold Digger, Stronger
Kanye West
94%
In Da Club, I Get Money, Baby By Me
50 Cent
91.1%
Nuthin' but a G Thang, Forgot About Dre, Let Me Ride
Dr Dre
89.1%
Forever, Successful, Best I Ever Had
Drake
82.2%
Whatever You Like, Dead and Gone, What You Know
T.I.
81.5%
Brenda's Got A Baby, Keep Ya Head Up, California Love
2pac
81.1%
Gin and Juice, Who Am I, Drop It Like I's Hot
Snoop Dogg
79.3%
Juicy, Big Poppa, Mo Money Mo Problems
The Notorious B.I.G
75.4%
Day N Nite, Make Her Say, Pursuit of Happiness
Kid Cudi
73.1%
It Was a Good Day, The World Is Mine, You Can Do It
Ice Cube
68.4%
Bad Boy For Life, I'll Be Missing You, Angels
Diddy
68.4%
Hey Ya, Roses, So Fresh So Clean
Outkast
65.8%
Hot In Herre, Shake Ya Tailfeather, Grillz
Nelly
65.7%
I Can, One Mic, The World Is Yours
Nas
65.1%
Dopeman, Straight Outta Compton, 100 Miles and Runnin
NWA
61.1%
Crank That, Kiss Me Thru the Phone, Turn My Swag On
Soulja Boy Tell Em
57.5%
C.R.E.A.M, Protect Ya Neck, Triumph
Wu Tang Clan
57.4%
Ice Ice Baby, Play That Funky Music, Too Cold
Vanilla Ice
53.5%
Kick Push, Daydreamin, Superstar
Lupe Fiasco
52.9%
Get Low, What U Gon Do, Snap Yo Fingers
Lil Jon
52.8%
What's Your Fantasy, Act A Fool, One More Drink
Ludacris
52.5%
Hustlin, The Boss, Magnificent
Rick Ross
52.1%
Hate It Or Love It, Wouldn't Get Far, My Life
The Game
51.8%
Boyz-
n-
the-
Hood, Neighborhood Sniper, Any Last Werdz
Eazy E
50.3%
U Can't Touch This, Have You Seen Her, Too Legit To Quit
MC Hammer
48.7%
Get Ur Freak On, One Minute Man, Ching-
a-
Ling
Missy Elliot
48.2%
It's Tricky, It's Like That, King of Rock
Run DMC
47.3%
My Humps, Don't Lie, Boom Boom Pow
Black Eyed Peas
46.9%
Get At Me Dog, Slippin, No Sunshine
DMX
46.1%
I Luv It, Put On, My President
Young Jeezy
45.3%
Make It Rain, Get It Poppin, I Won't Tell
Fat Joe
45%
Songs
Artists
% Correct
I Can't Live Without My Radio, On Shot At Love, Mama Said Knock You Out
LL Cool J
44.9%
I Used to Love H.E.R., Testify, Universal Mind Control
Common
44.2%
Woo Hah!! Got You All in Check, Touch, Respect My Conglomerate
Busta Rhymes
43%
I Love College, Be By Myself, She Don't Wanna Man
Asher Roth
41.2%
Fight the Power, Bring the Noise, Don't Believe the Hype
Public Enemy
40.8%
Low, Right Round, Sugar
Flo Rida
40.6%
Stuntin' Like My Daddy, Pop Bottles, Money to Blow
Birdman
40.5%
Bring The Pain, The Riddler, How High
Method Man
40.2%
Slow Jamz, Overnight Celebrity, Wetter
Twista
40.1%
We Takin Over, Go Hard, Out Here Grindin
DJ Khaled
39.1%
Turn It Up, Ridin, Hip Hop Police
Chamillionaire
39.1%
Intergalactic, So Whatcha Want, Sabotage
Beastie Boys
38.5%
Ready or Not, Killing Me Softly, Fu-
Gee-
La
The Fugees
37.7%
I'm Your Pusher, Lethal Weapon, O.G. Original Gangster
Ice T
36.9%
Insane in the Brain, I Wanna Get High, Dr. Greenthumb
Cypress Hill
36.3%
Not Tonight, Magic Stick, Whoa
Lil Kim
35.3%
Tha Crossroads, Look Into My Eyes, If I Could Teach the World
Bone Thugs N Harmony
35.1%
Blow Your Mind, Can't Wait, How High
Redman
33.9%
Puppy Love, Basketball, Fresh Azimiz
Bow Wow
33%
Push It, Shoop, Whatta Man
Salt-N-Pepa
32.4%
Brooklyn Zoo, Shimmy Shimmy Ya, Got Your Money
Ol' Dirty Bastard
31.7%
Electric Relaxation, Can I Kick It?, Find A Way
A Tribe Called Quest
31.2%
Rapper's Delight, Apache, Hot Hot Summer Day
The Sugarhill Gang
31.1%
Children's Story, I Shouldn't Have Done It,
Slick Rick
29.9%
Ms. Fat Booty, Sex, Love & Money, Life In Marvelous Times
Mos Def
28.9%
Go Girl, The Anthem, I Know You Want Me (Calle Ocho)
Pitbull
28.7%
Freaky Gurl, Wasted, Spotlight
Gucci Mane
28.3%
Between Me and You, Put It In Me, Wonderful
Ja Rule
28.1%
Let Me Blow Ya Mind, Satisfaction, Tambourine
Eve
27.8%
Baby Girl, We Fly High, Love Me No More
Jim Jones
26.8%
Baby Got Back, Jump On It, Square-
Dance Rap
Sir Mix A Lot
26.7%
The Next Movement, You Got Me, Don't Say Nuthin
The Roots
26.2%
Nike Boots, Chillin, Pretty Girls
Wale
24.5%
Can I Have it Like That, Number One, My Drive Thru
Pharrell
23.7%
Songs
Artists
% Correct
Salt Shaker, Shake, Dangerous
Ying Yang Twins
23.3%
Ice Cream, Rainy Dayz, The Hood
Raekwon
23.1%
I Know Where I've Been, U.N.I.T.Y, Simply Beautiful
Queen Latifah
22.5%
Ugly, Mrs. New Booty, Heat It Up
Bubba Sparxxx
21.5%
Give It To Me, Scream, Bounce
Timbaland
21.4%
Let Me In, Do It Myself, Get Buck
Young Buck
21.3%
Throw Some D's, Boy Looka Here, Drop
Rich Boy
21.3%
Back That Azz Up, Slow Motion, Rodeo
Juvenile
21.1%
Knock Yourself Out, By My Side, Who's Real
Jadakiss
21%
Can't Deny It, Make Me Better, Throw It In the Bag
Fabolous
20.7%
Mind Playing Tricks on Me, Damn It Feels Good To Be a Gangsta, Six Feet Deep
Geto Boys
20.6%
Feels Good, Hey Ma, Do Ya Thing
Cam'Ron
20.5%
The Champ, Never Be The Same Again, Ghost Showers
Ghostface Killah
20.5%
Play, Get Like Me, Shawty Say
David Banner
19.4%
Poppin My Collar, Stay Fly, Doe Boy Fresh
Three 6 Mafia
18.9%
Get Your Walk On, X, 3 Card Molly
Xzibit
18.7%
Grindin, Kinda Like A Big Deal, I'm Good
Clipse
18.6%
Shawty, Who Hotter Than Me, Plenty Money
Plies
18.4%
Pocket Full of Stones, Dirty Money, Da Game Been Good to Me
UGK
17.2%
Zoom, Better Believe It
Lil Boosie
15.9%
It's Me Snitches, Money In the Bank, Top Down
Swizz Beats
15.9%
They Don't Know, I'm Throwed, Bizzy Body
Paul Wall
15.8%
Respiration, Hot Thing, Hostile Gospel
Talib Kweli
15.8%
Tell Me When to Go, You and Dat, Wake It Up
E-40
15.2%
Cash Flow, Overtime, Loco Wit the Cake
Ace Hood
11.6%
Planet Rock, Jazzy Sensation, Renegades of Funk
Afrika Bambaataa
9.7%
Fire, Gangsta Party, Not Your Average Joe
Joe Budden
9.1%
Cold Rock a Party, Ruffneck, Cha Cha Cha
MC Lyte
9%
None Shall Pass, Coma, Daylight
Aesop Rock
7.6%
Modern Man's Hustle, Watch Out, Sunshine
Atmosphere
6.1%
World War III, The Truth, Hustler's Convention
Grandmaster Flash and the Furious Five
5.9%
The Show, Freaks, Keep Risin to the Top
Doug E. Fresh
5.2%
Quiz Playlist
Details
Report
Send in Message
Add To Playlist
Classic:
Type in answers that appear in a list
Last Updated: Mar 21, 2017
Curator Pick in
Rap
Quiz Scoreboard
CHALLENGE
Sign Up to Join the Scoreboard
Show All
Scores
Hide
Comments
May contain spoilers
Recently Published
9x9 Crossword: Cartoon Network
by jackfrog10
Miscellaneous
3m
College Basketball Coaching Resumes
by pancakes188
Sports
9m
Billboard Blitz: Fleetwood Mac
by CooCooCachoo
Music
15s
More to Explore
Quiz From the Vault
Featured Blog Post
Where Did the Easter Bunny Come From?
hide this ad
You Might Also Like...
Tags
Album Quiz
Artist Quiz
Rap Quiz
Song Quiz
100
hip
hop
Hop Artists
Today's Top Quizzes in Music
Browse Music
hide this ad
Today's Top Quizzes in Song
Browse Song
Top Contributed Quizzes in Music
1
Taylor Swift All Songs (2024)
2
Guess the Artist- 70s Songs
3
7-to-1: Billboard Hot 100 #1 Hits of 2010s
4
Sorting Albums and Songs
5
Taylor Swift Logic Puzzle
6
KPOP LOGIC QUIZ
7
Guess the Taylor Swift song (Mystery Song)
8
Guess The Taylor Swift Lyrics Song #1
9
Billboard Blitz: ABBA
10
One Thing in Common: Music
Explore More
Trending Topics
Kpop
Crossword
NBA
Disney
Anime
Harry Potter
Marvel
NFL
Song
Puzzle
Soccer
Pokémon
The Office
Country
WWE
hide this ad
More By:
Doubledome
Quiz
Plays
Rating
Category
Featured
Created
100 Rap/Hip Hop Artists
42,481
3.38
Music
Nov 28, 2009
10 Plagues of Egypt
1,049
3.47
Religion
Sep 27, 2009
Blue Bell Flavors
180
2.33
Miscellaneous
Oct 1, 2009
Sporcle Game Categories
70
1.67
Miscellaneous
Sep 28, 2009
Go to Creator's Profile
Score Distribution
Quiz Creator Spotlight
Doubledome
Follow
Send a Message
Quizzes Created
-
Created Quiz Play Count
-
More By This Creator
Popular Quizzes Today
1
Find the US States - No Outlines Minefield
2
Find the Countries of Europe - No Outlines Minefield
3
The Countries of the World
4
Find the US States
5
Risky Map Clicking: Biggest States A-Z
6
US States
7
Popular People in 1961
8
Movies - When Are They Set?
More Music Quizzes
'Wish You Were Here' Lyrics
Published
Trending Quizzes
Risky Map Clicking: Least Populous States A-Z
1-10 Letter G Words
1-10 Letter F Words
Risky Map Clicking: Next State Alphabetically
Adjectives in 80s TV Shows
Recently Updated
Leaping Animals
pecheneg
Reality TV Shows (A-Z)
bhenderson79
Rickey Henderson's Hall of Fame Teammates
pecheneg
Champions League XIs: Arsenal
pecheneg
Quick Pick: Celebrities in WWE's Hall of Fame
aduchscher
A-Z Keypad Blitz II
pecheneg
Multiple Oscar Actors
pecheneg
Mystery Phrase Blitz: Oscar 'Best Actors'
pecheneg
F. Scott Fitzgerald Novels
LTH
Pick 3 Villains
ddd62291
Trending Topics
Kpop
Anime
Harry Potter
Crossword
NBA
Disney
Marvel
WWE
NFL
Pokémon
Country
Soccer
The Office
Song
Puzzle
Your Account Isn't Verified!
In order to create a playlist on Sporcle, you need to verify the email address you used during registration. Go to your
Sporcle Settings
to finish the process.
Report this User
Report this user for behavior that violates our
Community Guidelines
.
Details:
Send Report
Go to the Sporcle.com Mobile Site →
Comments